Everything for a dog / (Record no. 3728)

MARC details
000 -LEADER
fixed length control field 00818nam a22002417a 4500
001 - CONTROL NUMBER
control field 3728
003 - CONTROL NUMBER IDENTIFIER
control field FISKH
005 - DATE AND TIME OF LATEST TRANSACTION
control field 20240425094408.0
008 - FIXED-LENGTH DATA ELEMENTS--GENERAL INFORMATION
fixed length control field 240425b cb ||||| |||| 00| 0 eng d
040 ## - CATALOGING SOURCE
Original cataloging agency FISK
Language of cataloging eng
Transcribing agency FISK
Modifying agency FISK
050 ## - LIBRARY OF CONGRESS CALL NUMBER
Classification number PZ7.M3567585
082 ## - DEWEY DECIMAL CLASSIFICATION NUMBER
Classification number 813.54
100 ## - MAIN ENTRY--PERSONAL NAME
Personal name M. Martin Ann
Dates associated with a name 1955-
245 ## - TITLE STATEMENT
Title Everything for a dog /
Statement of responsibility, etc. Ann M. Martin
260 ## - PUBLICATION, DISTRIBUTION, ETC.
Place of publication, distribution, etc. New York :
Name of publisher, distributor, etc. Scholastic,
Date of publication, distribution, etc. 2010
300 ## - PHYSICAL DESCRIPTION
Extent 211 pages :
Dimensions 20 cm
505 ## - FORMATTED CONTENTS NOTE
Formatted contents note O
520 ## - SUMMARY, ETC.
Summary, etc. In parallel stories, Bone, an orphaned dog, finds and loses a series of homes, Molly, a family pet, helps Charlie through the grief and other after-effects of his brother's death, and lonely Henry pleads for a dog of his own.
521 8# - TARGET AUDIENCE NOTE
Target audience note 890
Source Lexiles
700 ## - ADDED ENTRY--PERSONAL NAME
Personal name Ann M. Martin
942 ## - ADDED ENTRY ELEMENTS (KOHA)
Source of classification or shelving scheme Library of Congress Classification
Koha item type Books
Suppress in OPAC No
Holdings
Withdrawn status Lost status Source of classification or shelving scheme Damaged status Not for loan Collection Home library Current library Shelving location Date acquired Total Checkouts Full call number Barcode Date last seen Copy number Price effective from Koha item type
    Library of Congress Classification     Fiction Footprints International School Library Network Toul Kork Campus Footprints International School Library Network Toul Kork Campus TTP Secondary Fiction Bookshelves 04/25/2024   Mar PZ7.M3567585 813.54 2024-0526 04/25/2024 1 04/25/2024 Books